Science and Technology in Ancient Indian Text (Record no. 13629)

MARC details
000 -LEADER
fixed length control field 00363nam a22001457a 4500
003 - CONTROL NUMBER IDENTIFIER
control field OSt
008 - FIXED-LENGTH DATA ELEMENTS--GENERAL INFORMATION
fixed length control field 250530b |||||||| |||| 00| 0 eng d
020 ## - INTERNATIONAL STANDARD BOOK NUMBER
International Standard Book Number 9788124606322
100 ## - MAIN ENTRY--PERSONAL NAME
Personal name SINGH, Bal Ram
245 ## - TITLE STATEMENT
Title Science and Technology in Ancient Indian Text
260 ## - PUBLICATION, DISTRIBUTION, ETC. (IMPRINT)
Place of publication, distribution, etc New Delhi
Name of publisher, distributor, etc D.k.Printworld
Date of publication, distribution, etc 2024
300 ## - PHYSICAL DESCRIPTION
Extent 318
650 ## - SUBJECT ADDED ENTRY--TOPICAL TERM
Topical term or geographic name as entry element General
942 ## - ADDED ENTRY ELEMENTS (KOHA)
Source of classification or shelving scheme Dewey Decimal Classification
Koha item type Text Books
Holdings
Withdrawn status Lost status Source of classification or shelving scheme Damaged status Not for loan Collection code Home library Current library Date acquired Source of acquisition Currency Cost, normal purchase price Bill Number Total Checkouts Full call number Acc. no. / Barcode Date last seen Actual Cost, discounted price Bill Date Koha item type
    Dewey Decimal Classification     Book Club and Indian Knowledge System PIET C-LIBRARY PIET C-LIBRARY 20/05/2025 Zaffa Books INR 1100.00 ZBD0123   294.592 SIS K117 30/05/2025 825.00 20/05/2025 Text Books
    Dewey Decimal Classification     Book Club and Indian Knowledge System PIET C-LIBRARY PIET C-LIBRARY 20/05/2025 Zaffa Books INR 1100.00 ZBD0123   294.592 SIS K118 30/05/2025 825.00 20/05/2025 Text Books
    Dewey Decimal Classification     Book Club and Indian Knowledge System PIET C-LIBRARY PIET C-LIBRARY 20/05/2025 Zaffa Books INR 1100.00 ZBD0123   294.592 SIS K119 30/05/2025 825.00 20/05/2025 Text Books

Design & Developed by: PIET Central Library
R70 Miles Stone Pattikalyana Samalkha Panipat 132102
mail ID :- [email protected], Phone No:- 0180-2569700 Ex.216